Biblioteca y Centro de Documentación

El IRPF de los trabajadores extranjeros temporalmente residentes en España (Registro nro. 36301)

Detalles MARC
000 -CABECERA
Longitud fija campo de control 00923naa a2200265 c 4500
001 - NÚMERO DE CONTROL
Número de control 36301
003 - IDENTIFICADOR DE NÚMERO DE CONTROL
Identificador del número de control ES-MaCES
005 - FECHA Y HORA DE LA ÚLTIMA TRANSACCIÓN
Fecha y hora de la última transacción 20141221114142.0
008 - CAMPO FIJO DE DESCRIPCIÓN FIJA--INFORMACIÓN GENERAL
Códigos de información de longitud fija   060411n2006 sp t 000 | spa d
035 ## - NÚMERO DE CONTROL DEL SISTEMA
Número de control del sistema CES20060005656v
040 ## - FUENTE DE CATALOGACIÓN
Centro catalogador de origen ES-MaCES
Lengua de catalogación spa
Centro transcriptor ES-MaCES
100 1# - ENCABEZAMIENTO PRINCIPAL--NOMBRE PERSONAL
Nombre de persona Litago Lledó, Rosa
9 (RLIN) 16668
245 13 - MENCIÓN DE TÍTULO
Título El IRPF de los trabajadores extranjeros temporalmente residentes en España
Mención de responsabilidad, etc. Rosa Litago Lledó
650 #4 - ASIENTO SECUNDARIO DE MATERIA--TÉRMINO DE MATERIA
Término de materia o nombre geográfico como elemento inicial España
9 (RLIN) 26964
650 #4 - ASIENTO SECUNDARIO DE MATERIA--TÉRMINO DE MATERIA
Término de materia o nombre geográfico como elemento inicial régimen jurídico
9 (RLIN) 29894
650 #4 - ASIENTO SECUNDARIO DE MATERIA--TÉRMINO DE MATERIA
Término de materia o nombre geográfico como elemento inicial política fiscal
9 (RLIN) 28082
650 #4 - ASIENTO SECUNDARIO DE MATERIA--TÉRMINO DE MATERIA
Término de materia o nombre geográfico como elemento inicial tributación
9 (RLIN) 28093
650 #4 - ASIENTO SECUNDARIO DE MATERIA--TÉRMINO DE MATERIA
Término de materia o nombre geográfico como elemento inicial trabajador migrante
9 (RLIN) 28408
650 #4 - ASIENTO SECUNDARIO DE MATERIA--TÉRMINO DE MATERIA
Término de materia o nombre geográfico como elemento inicial impuesto sobre la renta de personas físicas
9 (RLIN) 28084
653 10 - TÉRMINO DE INDEXACIÓN--NO CONTROLADO
Término no controlado Fiscalidad
773 0# - ENTRADA DE DOCUMENTO FUENTE
Título Tribuna fiscal
Parte(s) relacionada(s) n. 184 (feb. 2006){55/770 R. 063890}; p. 14-27
Número de control del registro relacionado (ES-MaCES)25757
Itemnumber del ítem fuente 72290
902 ## - CES. TIPO DE DOCUMENTO
Tipodoc (006$c Sirtex) ART Artículo de revista
942 ## - ELEMENTOS KOHA
Fuente de clasificaión o esquema Clasificación propia del CES
Koha [por defecto] tipo de item Artículos (1982-2017)
Parte de clasificación 0.1.

No hay ítems disponibles.

© CES, Consejo Económico y Social de España 2021